Jerome par coeur /

Gespeichert in:
Bibliographische Detailangaben
1. Verfasser: Scotto, Thomas
Weitere Verfasser: Tallec, Olivier
Format: Buch
Sprache:Französisch
Veröffentlicht: Arles : Actes Sud, 2009
Tags: Tag hinzufügen
Keine Tags, Fügen Sie das erste Tag hinzu!

MARC

LEADER 00000nam a22000007i 4500
001 IT\ICCU\UBO\4053261
003 ItRI
005 20260115232018.0
008 140116s2009 fr |||||| ||||| |||||c
020 |a 9782742786947 
040 |b ita  |c importazione bologna sebina 
041 7 |a fre  |2 ISO-639-2 
100 1 |a Scotto, Thomas  |0 IT\ICCU\LO1V\189573 
245 1 0 |a Jerome par coeur /  |c Thomas Scotto ; illustrations d'Olivier Tallec. 
260 |a Arles :  |b Actes Sud,  |c 2009 
300 |a 1 v. (senza paginazione) :  |b in gran parte ill. ;  |c 23x29 cm 
700 1 |a Tallec, Olivier  |0 IT\ICCU\PARV\337174 
942 |2 ddc  |c BK  |n 0 
952 |0 0  |1 0  |4 0  |6 R_843_920000000000000_SCO  |7 0  |9 18881  |a BO  |b BO  |d 2026-01-15  |i 17317  |l 0  |o R 843.92 SCO  |p BO17317  |r 2026-01-15 23:20:18  |w 2026-01-15  |x [Sebina 5] [1 v.]  |y BK  |z 1 v. 
999 |c 16041  |d 16041